Sculling: training, technique and performance

Furkejuvvon:
Bibliográfalaš dieđut
Váldodahkki: Thompson, Paul (Dahkki)
Materiálatiipa: Girji
Giella:eaŋgalasgiella
Almmustuhtton: Marlborough The Crowood Press 2005
Preanttus:1a. ed
Fáttát:
Fáddágilkorat: Lasit fáddágilkoriid
Eai fáddágilkorat, Lasit vuosttaš fáddágilkora!

MARC

LEADER 00000nam a2200000 a 4500
001 UCH3001
003 CL-VaPUC
008 090709e20050000uk |||||||||||||||||eng|d
020 |a 9781861267580 
082 0 4 |a 797.123  |b THO  |2 21 
100 0 |a Thompson, Paul  |e author  |9 538102 
245 1 0 |a Sculling: training, technique and performance 
250 |a 1a. ed 
300 |a 144 p 
942 |c BK 
945 |d 20090709 00:00:00  |a cmena 
260 |a Marlborough  |b The Crowood Press  |c 2005 
650 7 |a DEPORTES NAUTICOS  |2 CL-VaPUC  |9 514659 
650 7 |a ENTRENAMIENTO ATLETICO  |2 CL-VaPUC  |9 538103 
650 7 |a NAVEGACION EN BOTE DE REMOS  |2 CL-VaPUC  |9 471337 
650 0 |a Botes  |9 324431 
583 |a last modification  |c 20171218 02:12:36  |k Rodrigo Vera 
999 |c 334658  |d 334656 
952 |0 0  |1 0  |4 0  |6 797_123000000000000_THO_2005  |7 0  |8 C  |9 423788  |a BIBCUR  |b BIBCUR  |d 2019-11-22  |i 4567447  |o 797.123 THO 2005  |p 4567447  |r 2025-04-22  |w 2019-11-22  |y BK  |k DEN